雪兰莪华人妇女励志会暨主办吉隆坡励志国民型华文小学校卅周年纪念特刊. 1947-1977 (Record no. 33644)

000 -LEADER
fixed length control field 00541nam a22001577a 4500
003 - CONTROL NUMBER IDENTIFIER
control field MPLRDC
005 - DATE AND TIME OF LATEST TRANSACTION
control field 20220104142758.0
008 - FIXED-LENGTH DATA ELEMENTS--GENERAL INFORMATION
fixed length control field 210129b ||||| |||| 00| 0 eng d
082 ## - DEWEY DECIMAL CLASSIFICATION NUMBER
Classification number 051.2 K1LZ 1949-1977
100 ## - MAIN ENTRY--PERSONAL NAME
Personal name 吉隆坡励志国民型华文小学校
245 ## - TITLE STATEMENT
Title 雪兰莪华人妇女励志会暨主办吉隆坡励志国民型华文小学校卅周年纪念特刊. 1947-1977
Statement of responsibility, etc.
260 ## - PUBLICATION, DISTRIBUTION, ETC.
Place of publication, distribution, etc.
Name of publisher, distributor, etc. 吉隆坡励志国民型华文小学校
Date of publication, distribution, etc. 1977
300 ## - PHYSICAL DESCRIPTION
Other physical details
650 ## - SUBJECT ADDED ENTRY--TOPICAL TERM
Topical term or geographic name entry element 学术纪要、学刊
942 ## - ADDED ENTRY ELEMENTS (KOHA)
Koha item type Book
-- 051.2 K1LZ 1949-1977
Holdings
Withdrawn status Lost status Source of classification or shelving scheme Damaged status Not for loan Collection code Home library Current library Shelving location Date acquired Cost, normal purchase price Total Checkouts Full call number Barcode Date last seen Date last checked out Price effective from Koha item type Public note
            Malaysian Public Library, Research and Development Centre Malaysian Public Library, Research and Development Centre   10/12/2007 0.00   051.2 K1LZ 1949-1977 00033743 18/03/2021 01/03/2008 18/03/2021 Book mplrdc

© 2022. Malaysian Public Library, Research and Development Centre. All Right ReservedE-mailmplrdc@help.edu.my 

Powered by Koha